[Event "FRA-chT1 1011"]
[Site "France"]
[Date "2010.11.14"]
[Round "3.6"]
[White "Cavillon, Fabien"]
[Black "Lamard, Guillaume"]
[Result "1-0"]
[WhiteElo "2140"]
[BlackElo "2152"]
[PlyCount "111"]
[EventDate "2010.10.17"]
[EventType "team-tourn"]
[EventRounds "11"]
[EventCountry "FRA"]
[SourceTitle "EXT 2012"]
[Source "ChessBase"]
[SourceDate "2011.11.24"]
[SourceVersion "1"]
[SourceVersionDate "2011.11.24"]
[SourceQuality "1"]

1. e4 e5 2. Nf3 Nc6 3. Bb5 a6 4. Bxc6 dxc6 5. 0-0 Bd6 6. d4 exd4 7. Qxd4 f6 8. Be3 Ne7 9. Nbd2 Be6 10. Rad1 Ng6 11. Nc4 Bf4 12. Qc3 Qe7 13. Nd4 0-0 14. Rfe1 Bxe3 15. Nxe3 Bf7 16. Nef5 Qe5 17. Qg3 c5 18. f4 Qe8 19. Nf3 Rd8 20. Rxd8 Qxd8 21. h4 Be6 22. Nxg7 Kxg7 23. h5 Qd6 24. hxg6 hxg6 25. c3 b5 26. Nh4 g5 27. e5 Qe7 28. exf6+ Qxf6 29. fxg5 Qf4 30. Qxf4 Rxf4 31. g3 Rg4 32. Rxe6 Rxg3+ 33. Kf2 Rxg5 34. Re7+ Kf8 35. Rxc7 Rg4 36. Nf3 Ra4 37. a3 b4 38. Rxc5 bxa3 39. bxa3 Rxa3 40. Ke3 a5 41. Kd4 a4 42. Ra5 Ra1 43. Kc4 a3 44. Kb3 Rb1+ 45. Kxa3 Ke7 46. Rd5 Ke6 47. c4 Ke7 48. Nd4 Rb7 49. Nb5 Ke6 50. Kb4 Rb6 51. Rd6+ Rxd6 52. Nxd6 Kxd6 53. Kb5 Kd7 54. Kb6 Kc8 55. Kc6 Kb8 56. Kd7 1-0

[Event "FRA-chT1 0910"]
[Site "France"]
[Date "2009.12.12"]
[Round "6.5"]
[White "Bressac, Stephane"]
[Black "Cavillon, Fabien"]
[Result "1-0"]
[WhiteElo "2144"]
[BlackElo "2121"]
[PlyCount "57"]
[EventDate "2009.09.27"]
[EventType "team-tourn"]
[EventRounds "11"]
[EventCountry "FRA"]
[SourceTitle "EXT 2011"]
[Source "ChessBase"]
[SourceDate "2010.11.26"]
[SourceVersion "1"]
[SourceVersionDate "2010.11.26"]
[SourceQuality "1"]

1. e4 e6 2. d4 d5 3. Nc3 Nf6 4. Bg5 Bb4 5. e5 h6 6. Bd2 Bxc3 7. bxc3 Ne4 8. Qg4 Kf8 9. Bd3 Nxd2 10. Kxd2 c5 11. Nf3 c4 12. Be2 Qe7 13. a3 Nd7 14. h4 b5 15. h5 Nb6 16. Rh3 Na4 17. Nh4 Bd7 18. Rg3 Rh7 19. f4 a5 20. f5 exf5 21. Nxf5 Qg5+ 22. Qxg5 hxg5 23. Nd6 Ra6 24. Rf1 f6 25. Rxg5 Ke7 26. Rxg7+ Rxg7 27. exf6+ Kxd6 28. fxg7 Be6 29. Rf6 1-0

[Event "FRA-chT1 0910"]
[Site "France"]
[Date "2009.10.18"]
[Round "3.4"]
[White "Cavillon, Fabien"]
[Black "Pellaton, Bernard"]
[Result "1/2-1/2"]
[WhiteElo "2221"]
[BlackElo "2059"]
[PlyCount "39"]
[EventDate "2009.09.27"]
[EventType "team-tourn"]
[EventRounds "11"]
[EventCountry "FRA"]
[SourceTitle "EXT 2011"]
[Source "ChessBase"]
[SourceDate "2010.11.26"]
[SourceVersion "1"]
[SourceVersionDate "2010.11.26"]
[SourceQuality "1"]

1. e4 c5 2. Nc3 Nc6 3. g3 g6 4. d3 Bg7 5. Be3 d6 6. Bg2 e6 7. Qd2 Rb8 8. Nge2 Nd4 9. Nd1 Nxe2 10. Qxe2 Ne7 11. Qd2 h5 12. h3 Bd7 13. c3 Bc6 14. 0-0 0-0 15. Bh6 d5 16. Bxg7 Kxg7 17. e5 d4 18. c4 Bxg2 19. Kxg2 f5 20. f4 1/2-1/2

[Event "FRA-chT2 East 0809"]
[Site "France"]
[Date "2009.04.04"]
[Round "10.5"]
[White "Briet, Antoine"]
[Black "Cavillon, Fabien"]
[Result "1-0"]
[WhiteElo "2177"]
[BlackElo "2124"]
[PlyCount "63"]
[EventDate "2008.10.19"]
[EventType "team-tourn"]
[EventRounds "11"]
[EventCountry "FRA"]
[SourceTitle "EXT 2010"]
[Source "ChessBase"]
[SourceDate "2010.11.25"]
[SourceVersion "1"]
[SourceVersionDate "2010.11.25"]
[SourceQuality "1"]
[WhiteTeam "Mundolsheim"]
[BlackTeam "Montrevel en Bresse"]
[WhiteTeamCountry "FRA"]
[BlackTeamCountry "FRA"]

1. e4 e6 2. d4 d5 3. Nc3 Bb4 4. e5 c5 5. a3 Bxc3+ 6. bxc3 Qc7 7. Qg4 f5 8. Qg3 cxd4 9. cxd4 Ne7 10. Ne2 0-0 11. c3 b6 12. Nf4 Qd7 13. a4 Rf7 14. h4 Nbc6 15. h5 Na5 16. Bb5 Qc7 17. h6 g6 18. Ba3 Nc4 19. Be8 Nxa3 20. Bxf7+ Kxf7 21. Rxa3 Ba6 22. Qg5 Rg8 23. Qf6+ Ke8 24. Qxe6 Qc4 25. Qd6 Bc8 26. Qb4 Qc7 27. Qb5+ Bd7 28. Nxd5 Qb7 29. Nf6+ Kf7 30. Qxd7 Qxg2 31. Nxg8 Qxh1+ 32. Kd2 1-0

[Event "FRA-chT2 East 0809"]
[Site "France"]
[Date "2009.01.18"]
[Round "6.4"]
[White "Cavillon, Fabien"]
[Black "Steil Antoni, Fiona"]
[Result "1-0"]
[WhiteElo "2124"]
[BlackElo "2143"]
[PlyCount "87"]
[EventDate "2008.10.19"]
[EventType "team-tourn"]
[EventRounds "11"]
[EventCountry "FRA"]
[SourceTitle "EXT 2010"]
[Source "ChessBase"]
[SourceDate "2010.11.25"]
[SourceVersion "1"]
[SourceVersionDate "2010.11.25"]
[SourceQuality "1"]
[WhiteTeam "Montrevel en Bresse"]
[BlackTeam "Vandoeuvre II"]
[WhiteTeamCountry "FRA"]
[BlackTeamCountry "FRA"]

1. e4 e5 2. Nf3 Nc6 3. Bb5 a6 4. Ba4 Nf6 5. Qe2 b5 6. Bb3 Be7 7. c3 0-0 8. 0-0 d5 9. d3 d4 10. h3 Be6 11. cxd4 Nxd4 12. Nxd4 exd4 13. Bxe6 fxe6 14. e5 Ne8 15. Qg4 Qd5 16. Bf4 g6 17. Bh6 Rf5 18. f4 Rh5 19. Bg5 Bxg5 20. fxg5 Qxe5 21. Kh1 Nd6 22. Qf3 Qd5 23. Nd2 Rxg5 24. Ne4 Nxe4 25. Qf7+ Kh8 26. dxe4 Qe5 27. Rac1 c5 28. Qe7 Kg8 29. Qf7+ Kh8 30. Qe7 Kg8 31. Rf7 Rxg2 32. Kxg2 Qxe4+ 33. Rf3 Qe2+ 34. Rf2 Qe4+ 35. Kg1 Qe3 36. Qf7+ Kh8 37. Qf4 Qxf4 38. Rxf4 e5 39. Re4 c4 40. Rxe5 Rd8 41. Re7 d3 42. Rce1 Rd6 43. Rc7 Rd8 44. Ree7 1-0

[Event "FRA-chT2 East 0809"]
[Site "France"]
[Date "2008.12.14"]
[Round "4.5"]
[White "Cavillon, Fabien"]
[Black "Wegner, Eric"]
[Result "1-0"]
[WhiteElo "2124"]
[BlackElo "2045"]
[PlyCount "72"]
[EventDate "2008.10.19"]
[EventType "team-tourn"]
[EventRounds "11"]
[EventCountry "FRA"]
[SourceTitle "EXT 2010"]
[Source "ChessBase"]
[SourceDate "2010.11.25"]
[SourceVersion "1"]
[SourceVersionDate "2010.11.25"]
[SourceQuality "1"]
[WhiteTeam "Montrevel en Bresse"]
[BlackTeam "Grenoble"]
[WhiteTeamCountry "FRA"]
[BlackTeamCountry "FRA"]

1. e4 c5 2. Nc3 e6 3. g3 d5 4. exd5 exd5 5. Bg2 Nf6 6. d3 d4 7. Ne4 Be7 8. Nxf6+ Bxf6 9. Qh5 0-0 10. Qxc5 Re8+ 11. Kf1 Na6 12. Qh5 Nb4 13. Bd2 Qb6 14. Be4 Be6 15. Qxh7+ Kf8 16. a3 Nxc2 17. Rc1 Ke7 18. Rxc2 Rh8 19. Bb4+ Kd7 20. Bc6+ Qxc6 21. Qxh8 Rxh8 22. Rxc6 Kxc6 23. Ke2 Bd5 24. f3 Kb5 25. Bd2 Ka4 26. h4 Re8+ 27. Kf2 Kb3 28. Ne2 Kxb2 29. g4 Kc2 30. Bb4 Re3 31. Rh3 Kd1 32. Nc3+ dxc3 33. Kxe3 Kc1 34. g5 Be5 35. d4 c2 36. dxe5 Kb1 1-0

[Event "FRA-chT2 East 0708"]
[Site "France"]
[Date "2008.01.20"]
[Round "6.4"]
[White "Schulz, Vladimir"]
[Black "Cavillon, Fabien"]
[Result "1/2-1/2"]
[WhiteElo "2204"]
[BlackElo "2110"]
[PlyCount "82"]
[EventDate "2007.10.21"]
[EventType "team"]
[EventRounds "11"]
[EventCountry "FRA"]
[SourceTitle "EXT 2009"]
[Source "ChessBase"]
[SourceDate "2008.11.26"]
[SourceVersion "1"]
[SourceVersionDate "2008.11.26"]
[SourceQuality "1"]
[WhiteTeam "Bischwiller II"]
[BlackTeam "Montrevel en Bresse"]
[WhiteTeamCountry "FRA"]
[BlackTeamCountry "FRA"]

1. Nf3 e6 2. d4 Nf6 3. c4 b6 4. a3 Bb7 5. Nc3 d5 6. cxd5 exd5 7. Bg5 Be7 8. e3 0-0 9. Bd3 Nbd7 10. 0-0 Ne8 11. Bxe7 Qxe7 12. Qc2 h6 13. Rac1 Nd6 14. Nb5 c6 15. Nxd6 Qxd6 16. Bh7+ Kh8 17. Bf5 Kg8 18. b4 g6 19. Bxd7 Qxd7 20. Ne5 Qd6 21. f4 Rfe8 22. f5 g5 23. f6 Rxe5 24. dxe5 Qxe5 25. Qc3 Re8 26. Qxe5 Rxe5 27. Rf3 Kh7 28. Kf2 Kg6 29. h4 g4 30. Rf4 h5 31. g3 Re6 32. e4 d4 33. Rc4 c5 34. bxc5 bxc5 35. Rxc5 Bxe4 36. Rc4 Bd3 37. Rcxd4 Re2+ 38. Kg1 Re1+ 39. Kg2 Re2+ 40. Kg1 Re1+ 41. Kg2 Re2+ 1/2-1/2

[Event "FRA-chT2 East 0607"]
[Site "France"]
[Date "2006.12.10"]
[Round "4.4"]
[White "Cavillon, Fabien"]
[Black "Jeanne, Gerard"]
[Result "1-0"]
[WhiteElo "2098"]
[BlackElo "2060"]
[PlyCount "101"]
[EventDate "2006.10.15"]
[EventType "team"]
[EventRounds "11"]
[EventCountry "FRA"]
[SourceTitle "EXT 2008"]
[Source "ChessBase"]
[SourceDate "2007.11.25"]
[SourceVersion "1"]
[SourceVersionDate "2007.11.25"]
[SourceQuality "1"]
[WhiteTeam "Montrevel en Bresse"]
[BlackTeam "Cluses Saint Jeoire"]
[WhiteTeamCountry "FRA"]
[BlackTeamCountry "FRA"]

1. e4 e6 2. d3 c5 3. g3 Nc6 4. Nc3 d5 5. exd5 exd5 6. Bg2 Nf6 7. Bg5 Be6 8. Bxf6 gxf6 9. Qh5 f5 10. 0-0-0 Bg7 11. Re1 0-0 12. Nh3 Qf6 13. Nf4 Rad8 14. h4 Nb4 15. Kb1 Rd6 16. Qg5 Rb6 17. Qxf6 Bxf6 18. Kc1 Rc8 19. a3 Bxc3 20. bxc3 Na2+ 21. Kd2 d4 22. cxd4 cxd4 23. Rb1 Rxb1 24. Rxb1 b6 25. Re1 Bd7 26. Ne2 b5 27. Nxd4 a5 28. Re7 Be8 29. Bd5 Nc3 30. Rxe8+ Rxe8 31. Kxc3 Rc8+ 32. Kd2 Rc5 33. Nxf5 Kf8 34. Be4 f6 35. Nd4 Kg8 36. Nb3 Rc7 37. Nxa5 Ra7 38. Nb3 Rxa3 39. Kc3 Ra2 40. h5 b4+ 41. Kd2 Kg7 42. g4 Ra7 43. Nd4 Ra1 44. Nf5+ Kf8 45. Bd5 Rf1 46. f3 Rf2+ 47. Kc1 Ke8 48. Kb2 Kd7 49. Kb3 Kc7 50. h6 Kb6 51. Bg8 1-0

[Event "FRA-chT2D 0506"]
[Site "France"]
[Date "2006.04.01"]
[Round "10.4"]
[White "Cavillon, Fabien"]
[Black "Netzer, Jacques"]
[Result "1-0"]
[WhiteElo "2118"]
[BlackElo "2017"]
[PlyCount "53"]
[EventDate "2005.10.27"]
[EventType "team-tourn"]
[EventRounds "11"]
[EventCountry "FRA"]
[SourceTitle "EXT 2006"]
[Source "ChessBase"]
[SourceDate "2005.11.24"]
[SourceVersion "1"]
[SourceVersionDate "2005.11.24"]
[SourceQuality "1"]
[WhiteTeam "Montrevel en Bresse"]
[BlackTeam "Bischwiller"]
[WhiteTeamCountry "FRA"]
[BlackTeamCountry "FRA"]

1. e4 c5 2. Nc3 d6 3. d3 Nc6 4. g3 g6 5. Bg2 Bg7 6. Be3 e6 7. Qd2 Nge7 8. Bh6 0-0 9. h4 f6 10. Bxg7 Kxg7 11. Nge2 Nd4 12. Nd1 Rb8 13. c3 Ndc6 14. Ne3 b5 15. h5 b4 16. hxg6 hxg6 17. Ng4 Rh8 18. Rxh8 Qxh8 19. 0-0-0 Qh5 20. Rh1 Qg5 21. f4 Qxg4 22. Rh4 Qxh4 23. gxh4 Ba6 24. Ng1 d5 25. exd5 exd5 26. Qe3 Rb5 27. Qe6 1-0

[Event "FRA-chT2D 0506"]
[Site "France"]
[Date "2006.03.11"]
[Round "8.4"]
[White "Bouhallel, Rabah"]
[Black "Cavillon, Fabien"]
[Result "1-0"]
[WhiteElo "2308"]
[BlackElo "2118"]
[PlyCount "121"]
[EventDate "2005.10.27"]
[EventType "team-tourn"]
[EventRounds "11"]
[EventCountry "FRA"]
[SourceTitle "EXT 2006"]
[Source "ChessBase"]
[SourceDate "2005.11.24"]
[SourceVersion "1"]
[SourceVersionDate "2005.11.24"]
[SourceQuality "1"]
[WhiteTeam "Lille"]
[BlackTeam "Montrevel en Bresse"]
[WhiteTeamCountry "FRA"]
[BlackTeamCountry "FRA"]

1. d3 c5 2. Nd2 Nc6 3. Ngf3 d5 4. e4 e6 5. g3 Nf6 6. Bg2 Be7 7. 0-0 0-0 8. Re1 b5 9. e5 Nd7 10. Nf1 a5 11. h4 a4 12. N1h2 Qc7 13. Bf4 a3 14. b3 b4 15. h5 h6 16. Ng4 Re8 17. Qd2 Qd8 18. Bh3 Na7 19. Ngh2 Nf8 20. g4 Nh7 21. d4 Nb5 22. dxc5 Nc3 23. Be3 Qa5 24. c6 Ba6 25. Nd4 Ng5 26. Bg2 Rac8 27. f4 Nge4 28. Bxe4 Nxe4 29. Qg2 Bc5 30. Nhf3 Kh8 31. Kh2 Qd8 32. g5 Rg8 33. Rg1 Qe7 34. Qg4 Be2 35. Nxe2 Bxe3 36. Rg2 Rxc6 37. gxh6 g5 38. f5 Rxc2 39. Nfd4 Rd2 40. Nf3 Rd3 41. Rf1 Rc8 42. Nh4 Kh7 43. Ng6 Qd7 44. fxe6 Qxe6 45. Rxf7+ Qxf7 46. Qxc8 Qg8 47. Qf5 Kxh6 48. e6 Rd2 49. e7 Bc5 50. Ng3 Nxg3 51. Kxg3 Qb8+ 52. Kh3 Rxg2 53. Kxg2 Kxh5 54. Nf4+ Qxf4 55. Qxf4 gxf4 56. e8Q+ Kg5 57. Qe5+ Kg4 58. Qxd5 Be3 59. Qe4 Bc5 60. Qg6+ Kh4 61. Kf3 1-0

[Event "FRA-chT2D 0506"]
[Site "France"]
[Date "2006.01.15"]
[Round "6.4"]
[White "Cavillon, Fabien"]
[Black "Rehm, Bernard"]
[Result "1/2-1/2"]
[WhiteElo "2118"]
[BlackElo "2091"]
[PlyCount "30"]
[EventDate "2005.10.27"]
[EventType "team-tourn"]
[EventRounds "11"]
[EventCountry "FRA"]
[SourceTitle "EXT 2006"]
[Source "ChessBase"]
[SourceDate "2005.11.24"]
[SourceVersion "1"]
[SourceVersionDate "2005.11.24"]
[SourceQuality "1"]
[WhiteTeam "Montrevel en Bresse"]
[BlackTeam "Selestat"]
[WhiteTeamCountry "FRA"]
[BlackTeamCountry "FRA"]

1. e4 e6 2. d3 d5 3. Nd2 c5 4. Ngf3 Nf6 5. g3 Nc6 6. Bg2 Be7 7. 0-0 0-0 8. Re1 b5 9. e5 Nd7 10. Nf1 b4 11. h4 a5 12. Bf4 a4 13. a3 bxa3 14. bxa3 Nd4 15. N1h2 Rb8 1/2-1/2